000
00285nam a22001337a 4500
008
170323b xxu||||| |||| 00| 0 eng d
020
_a
0070351120
041
_a
eng
080
_a
616.9
100
_a
8
101
_a
shm
245
_a
MOLECULAR VIROLOGY
_c
KNIGHT, C.A
942
_2
udc
_c
BK
999
_c
8449
_d
8449